English Football Clubs by Color - Statistics

General Stats
  • This quiz has been taken 35 times
    30 since last reset
  • The average score is 6 of 18
Answer Stats
Club Colors Club Name % Correct
Newcastle United
57%
Norwich City
57%
Wolverhampton Wanderers
57%
Everton
48%
Manchester City
48%
Manchester United
43%
Arsenal
35%
Crystal Palace
35%
Plymouth Argyle
35%
West Ham United
35%
Liverpool
30%
Tottenham Hotspur
30%
Aston Villa
26%
Blackpool
26%
Burnley
22%
Chelsea
22%
Bournemouth
17%
Leicester City
4%
No matching quizzes found
Score Distribution
Percent of People with Each Score
Percentile by Number Answered
Your Score History
You have not taken this quiz since the last reset